Top 5 comuni più popolosi per provincia - Liguria - Statistics

Statistiche generali
  • Questo quiz è stato fatto 79 volte
  • Il punteggio medio è 13 su 20
Statistiche sulle risposte
Provincia Comune N° abitanti % Corretto
Imperia Sanremo 53.039
100%
Genova Genova 561.947
95%
Imperia 42.375
95%
La Spezia La Spezia 92.715
93%
Savona Savona 58.620
93%
Ventimiglia 22.927
89%
Albenga 23.538
79%
Rapallo 29.420
73%
Chiavari 27.455
70%
Sarzana 21.774
64%
Sestri Levante 17.252
63%
Varazze 12.539
61%
Finale Ligure 11.064
57%
Taggia 13.766
55%
Lavagna 12.308
54%
Bordighera 10.203
52%
Cairo Montenotte 12.766
50%
Lerici 9.365
43%
Santo Stefano di Magra 10.116
27%
Arcola 10.205
18%
Nessun quiz corrispondente trovato
Distribuzione punteggi
Percentuale di utenti per punteggio
Percentile per numero di risposta
I tuoi punteggi nel tempo
Non hai fatto questo quiz